[Event "MPL 47th National Women Chess-ch 2022"]
[Site "Odisha"]
[Date "2022.02.26"]
[Round "4.7"]
[White "Arpita, Mukherjee"]
[Black "Kotepalli, Sai Nirupama"]
[Result "1-0"]
[WhiteElo "2260"]
[BlackElo "1914"]
[Annotator "ChessBase"]
[PlyCount "113"]
[EventDate "2022.02.25"]
[EventCountry "IND"]
[SourceTitle "playchess.com"]
[Source "ChessBase"]
[SourceQuality "1"]
[TimeControl "5400+30"]

1. e4 {[%emt 0:01:07]} c5 {[%emt 0:00:11]} 2. Nf3 {[%emt 0:00:06]} e6 {[%emt 0:00:02]} 3. d4 {[%emt 0:00:06]} cxd4 {[%emt 0:00:04]} 4. Nxd4 {[%emt 0:00:06]} Nf6 {[%emt 0:00:03]} 5. Nc3 {[%emt 0:00:09]} Nc6 {[%emt 0:00:03]} 6. Ndb5 {[%emt 0:00:09]} Bb4 {[%emt 0:00:03]} 7. a3 {[%emt 0:00:08]} Bxc3+ {[%emt 0:00:04]} 8. Nxc3 {[%emt 0:00:06]} d5 {[%emt 0:00:10]} 9. exd5 {[%emt 0:00:13]} exd5 {[%emt 0:00:02]} 10. Bd3 {[%emt 0:00:08]} d4 {[%emt 0:00:08]} 11. Ne2 {[%emt 0:00:07]} Qd5 {[%emt 0:05:16]} 12. O-O {[%emt 0:00:11]} O-O {[%emt 0:00:17]} 13. Nf4 {[%emt 0:00:16]} Qd6 {[%emt 0:01:25]} 14. Nh5 {[%emt 0:00:12]} Nxh5 {[%emt 0:07:38]} 15. Qxh5 {[%emt 0:00:07]} h6 {[%emt 0:03:39]} 16. Re1 {[%emt 0:00:10]} Bd7 {[%emt 0:01:32]} 17. Qh4 {[%emt 0:00:09]} Rfe8 {[%emt 0:04:36]} 18. Bf4 {[%emt 0:00:35]} Rxe1+ {[%emt 0:05:53]} 19. Rxe1 {[%emt 0:00:04]} Qf8 {[%emt 0:00:18]} 20. Qg3 {[%emt 0:05:33]} Kh8 {[%emt 0:00:11]} 21. Bd6 {[%emt 0:00:18]} Qd8 {[%emt 0:00:20]} 22. Qf4 {[%emt 0:02:12]} Qf6 {[%emt 0:04:06]} 23. Qxf6 {[%emt 0:04:04]} gxf6 {[%emt 0:00:02]} 24. b4 {[%emt 0:00:11]} a6 {[%emt 0:13:11]} 25. f4 {[%emt 0:05:13]} Kg7 {[%emt 0:04:29]} 26. Kf2 {[%emt 0:00:50]} Be6 {[%emt 0:01:08]} 27. Bc5 {[%emt 0:06:58]} Rd8 {[%emt 0:07:47]} 28. Rd1 {[%emt 0:09:21]} Bd5 {[%emt 0:09:47]} 29. Bf5 {[%emt 0:04:11]} Be6 {[%emt 0:08:56]} 30. Be4 {[%emt 0:00:09]} Bd5 {[%emt 0:00:03]} 31. Bxd5 {[%emt 0:00:22]} Rxd5 {[%emt 0:00:03]} 32. c4 {[%emt 0:00:33]} Rd7 {[%emt 0:00:46]} 33. Bb6 {[%emt 0:02:35]} Kg6 {[%emt 0:02:34]} 34. b5 {[%emt 0:01:43]} Ne7 {[%emt 0:00:52]} 35. Rxd4 {[%emt 0:00:27]} Rxd4 {[%emt 0:00:08]} 36. Bxd4 {[%emt 0:00:04]} Kf5 {[%emt 0:00:11]} 37. Kf3 {[%emt 0:00:18]} h5 {[%emt 0:00:10]} 38. Bc5 {[%emt 0:01:03]} Ng8 {[%emt 0:01:26]} 39. Bf8 {[%emt 0:00:34]} Ke6 {[%emt 0:00:21]} 40. Ke4 {[%emt 0:03:01]} f5+ {[%emt 0:00:05]} 41. Kd4 {[%emt 0:00:03]} Nf6 {[%emt 0:00:03]} 42. Bb4 {[%emt 0:00:06]} axb5 {[%emt 0:01:37]} 43. cxb5 {[%emt 0:00:10]} b6 {[%emt 0:00:10]} 44. a4 {[%emt 0:00:30]} Nd5 {[%emt 0:00:29]} 45. Bd2 {[%emt 0:00:16]} Kd6 {[%emt 0:00:27]} 46. g3 {[%emt 0:00:22]} Nc7 {[%emt 0:01:14]} 47. Kc4 {[%emt 0:00:12]} Nd5 {[%emt 0:00:09]} 48. h3 {[%emt 0:01:09]} Ke6 {[%emt 0:00:15]} 49. a5 {[%emt 0:01:43]} bxa5 {[%emt 0:00:04]} 50. Bxa5 {[%emt 0:00:04]} Kd6 {[%emt 0:00:07]} 51. b6 {[%emt 0:00:20]} Nf6 {[%emt 0:00:21]} 52. b7 {[%emt 0:01:14]} Nd7 {[%emt 0:00:03]} 53. Kb5 {[%emt 0:00:04]} Nb8 {[%emt 0:00:25]} 54. Kb6 {[%emt 0:01:16]} Nc6 {[%emt 0:00:12]} 55. Bc3 {[%emt 0:00:08]} Kd5 {[%emt 0:00:36]} 56. Be5 {[%emt 0:00:32]} Nxe5 {[%emt 0:00:04]} 57. fxe5 {[%emt 0:00:04]} 1-0

[Event "MPL 47th National Women Chess-ch 2022"]
[Site "Odisha"]
[Date "2022.02.26"]
[Round "4.8"]
[White "Sharma Isha"]
[Black "Bommini Mounika Akshaya"]
[Result "1/2-1/2"]
[WhiteElo "2253"]
[BlackElo "2145"]
[Annotator "NA"]
[PlyCount "79"]
[EventDate "2022.02.25"]
[EventCountry "IND"]
[SourceTitle "playchess.com"]
[Source "ChessBase"]
[SourceQuality "1"]
[TimeControl "5400+30"]

1. e4 {[%emt 0:00:03]} g6 {[%emt 0:06:07]} 2. d4 {[%emt 0:00:09]} d6 {[%emt 0:00:04]} 3. Nc3 {[%emt 0:00:15]} Bg7 {[%emt 0:00:06]} 4. Bg5 {[%emt 0:00:14]} a6 {[%emt 0:00:18]} 5. f4 {[%emt 0:01:16]} b5 {[%emt 0:01:36]} 6. Nf3 {[%emt 0:00:09]} Nd7 {[%emt 0:03:53]} 7. Qd2 {[%emt 0:05:26]} c5 {[%emt 0:07:57]} 8. O-O-O {[%emt 0:05:43]} cxd4 {[%emt 0:12:25]} 9. Nxd4 {[%emt 0:00:41]} Bb7 {[%emt 0:00:41]} 10. Be2 {[%emt 0:05:41]} Ngf6 {[%emt 0:14:56]} 11. Bf3 {[%emt 0:01:34]} Qc7 {[%emt 0:04:02]} 12. Rhe1 {[%emt 0:02:01]} e5 {[%emt 0:17:41]} 13. Ndxb5 {[%emt 0:17:16]} axb5 {[%emt 0:00:29]} 14. Nxb5 {[%emt 0:00:05]} Qb6 {[%emt 0:00:49]} 15. Nxd6+ {[%emt 0:00:14]} Kf8 {[%emt 0:00:45]} 16. Nxb7 {[%emt 0:01:36]} Qxb7 {[%emt 0:00:49]} 17. Kb1 {[%emt 0:14:52]} h6 {[%emt 0:03:49]} 18. Bh4 {[%emt 0:03:00]} Kg8 {[%emt 0:01:53]} 19. Bxf6 {[%emt 0:03:05]} Nxf6 {[%emt 0:00:14]} 20. fxe5 {[%emt 0:00:05]} Ne8 {[%emt 0:00:43]} 21. Qd5 {[%emt 0:00:17]} Qb8 {[%emt 0:01:01]} 22. Re3 {[%emt 0:02:54]} Qxe5 {[%emt 0:01:30]} 23. Rb3 {[%emt 0:01:20]} Nc7 {[%emt 0:01:04]} 24. Qd7 {[%emt 0:01:56]} Kh7 {[%emt 0:04:28]} 25. Qxf7 {[%emt 0:02:32]} Rhb8 {[%emt 0:01:19]} 26. c3 {[%emt 0:05:02]} Nb5 {[%emt 0:04:26]} 27. Rd7 {[%emt 0:12:39]} Nxc3+ {[%emt 0:08:38]} 28. bxc3 {[%emt 0:00:06]} Rxb3+ {[%emt 0:00:39]} 29. Qxb3 {[%emt 0:00:18]} Rb8 {[%emt 0:00:21]} 30. Rb7 {[%emt 0:00:05]} Rxb7 {[%emt 0:00:12]} 31. Qxb7 {[%emt 0:00:05]} Qxc3 {[%emt 0:00:17]} 32. Qb3 {[%emt 0:00:41]} Qe1+ {[%emt 0:00:50]} 33. Kc2 {[%emt 0:00:27]} Qf2+ {[%emt 0:00:40]} 34. Kd3 {[%emt 0:01:05]} Qf1+ {[%emt 0:01:03]} 35. Ke3 {[%emt 0:02:28]} h5 {[%emt 0:01:18]} 36. h3 {[%emt 0:02:10]} Qe1+ {[%emt 0:00:07]} 37. Kd3 {[%emt 0:01:30]} Qf1+ {[%emt 0:00:17]} 38. Ke3 {[%emt 0:01:28]} Qe1+ {[%emt 0:00:06]} 39. Kd3 {[%emt 0:00:30]} Qf1+ {[%emt 0:00:05]} 40. Ke3 {[%emt 0:09:32]} 1/2-1/2

[Event "MPL 47th National Women Chess-ch 2022"]
[Site "Odisha"]
[Date "2022.02.26"]
[Round "4.9"]
[White "Smaraki, Mohanty"]
[Black "Srija, Seshadri"]
[Result "0-1"]
[WhiteElo "1725"]
[BlackElo "2219"]
[Annotator "ChessBase"]
[PlyCount "42"]
[EventDate "2022.02.25"]
[EventCountry "IND"]
[SourceTitle "playchess.com"]
[Source "ChessBase"]
[SourceQuality "1"]
[TimeControl "5400+30"]

1. c4 {[%emt 0:00:11]} e5 {[%emt 0:00:09]} 2. Nc3 {[%emt 0:00:06]} Nc6 {[%emt 0:00:08]} 3. g3 {[%emt 0:00:07]} f5 {[%emt 0:00:13]} 4. Bg2 {[%emt 0:00:14]} Nf6 {[%emt 0:00:23]} 5. e3 {[%emt 0:00:41]} e4 {[%emt 0:00:14]} 6. d3 {[%emt 0:00:26]} Bb4 {[%emt 0:00:08]} 7. Nge2 {[%emt 1:32:15]} d5 {[%emt 0:00:14]} 8. cxd5 {[%emt 0:00:00]} Qxd5 {[%emt 0:00:16]} 9. dxe4 {[%emt 0:00:00]} Qxd1+ {[%emt 0:00:13]} 10. Kxd1 {[%emt 0:00:00]} O-O {[%emt 0:00:17]} 11. exf5 {[%emt 0:00:00]} Bxf5 {[%emt 0:00:26]} 12. e4 {[%emt 0:00:00]} Bg6 {[%emt 0:00:12]} 13. f3 {[%emt 0:00:00]} Rad8+ {[%emt 0:00:17]} 14. Kc2 {[%emt 0:00:00]} Nxe4 {[%emt 0:01:09]} 15. fxe4 {[%emt 0:00:00]} Rf2 {[%emt 0:00:58]} 16. Bf1 {[%emt 0:00:00]} Bxc3 {[%emt 0:00:58]} 17. Kxc3 {[%emt 0:00:00]} Bxe4 {[%emt 0:01:14]} 18. Nf4 {[%emt 0:00:00]} Rf3+ {[%emt 0:06:41]} 19. Kc4 {[%emt 0:00:00]} a6 {[%emt 0:00:29]} 20. Bg2 {[%emt 0:00:00]} Rd4+ {[%emt 0:00:07]} 21. Kc5 {[%emt 0:00:00]} b6# {[%emt 0:00:01]} 0-1

[Event "MPL 47th National Women Chess-ch 2022"]
[Site "Odisha"]
[Date "2022.02.26"]
[Round "4.10"]
[White "Bristy Mukherjee"]
[Black "Salonika, Saina"]
[Result "1/2-1/2"]
[WhiteElo "1856"]
[BlackElo "2206"]
[Annotator "NA"]
[PlyCount "52"]
[EventDate "2022.02.25"]
[EventCountry "IND"]
[SourceTitle "playchess.com"]
[Source "ChessBase"]
[SourceQuality "1"]
[TimeControl "5400+30"]

1. d4 {[%emt 0:00:03]} Nf6 {[%emt 0:00:06]} 2. Bg5 {[%emt 0:00:09]} d5 {[%emt 0:00:03]} 3. e3 {[%emt 0:00:06]} Nbd7 {[%emt 0:00:13]} 4. Nf3 {[%emt 0:04:58]} h6 {[%emt 0:01:36]} 5. Bh4 {[%emt 0:01:20]} g5 {[%emt 0:01:02]} 6. Bg3 {[%emt 0:00:12]} Ne4 {[%emt 0:00:08]} 7. Nc3 {[%emt 0:01:43]} Nxg3 {[%emt 0:02:05]} 8. hxg3 {[%emt 0:01:03]} e6 {[%emt 0:21:52]} 9. a3 {[%emt 0:09:41]} Bg7 {[%emt 0:02:03]} 10. e4 {[%emt 0:05:05]} dxe4 {[%emt 0:03:37]} 11. Nxe4 {[%emt 0:00:23]} b6 {[%emt 0:04:49]} 12. c3 {[%emt 0:06:19]} Bb7 {[%emt 0:01:06]} 13. Qc2 {[%emt 0:02:41]} Qe7 {[%emt 0:04:27]} 14. O-O-O {[%emt 0:05:38]} O-O-O {[%emt 0:01:02]} 15. g4 {[%emt 0:02:38]} Nf6 {[%emt 0:02:04]} 16. Nxf6 {[%emt 0:11:42]} Qxf6 {[%emt 0:00:21]} 17. Qd2 {[%emt 0:10:28]} Bxf3 {[%emt 0:10:38]} 18. gxf3 {[%emt 0:00:03]} Qxf3 {[%emt 0:00:05]} 19. Be2 {[%emt 0:06:31]} Qf4 {[%emt 0:00:43]} 20. Qxf4 {[%emt 0:02:31]} gxf4 {[%emt 0:00:04]} 21. Bf3 {[%emt 0:01:22]} Rd6 {[%emt 0:03:43]} 22. Kc2 {[%emt 0:00:30]} Kb8 {[%emt 0:00:05]} 23. Kc1 {[%emt 0:00:05]} Kc8 {[%emt 0:00:04]} 24. Kc2 {[%emt 0:00:03]} Kb8 {[%emt 0:00:02]} 25. Kc1 {[%emt 0:00:06]} Kc8 {[%emt 0:00:02]} 26. Kc2 {[%emt 0:00:04]} Kb8 {[%emt 0:41:30]} 1/2-1/2

[Event "MPL 47th National Women Chess-ch 2022"]
[Site "Odisha"]
[Date "2022.02.26"]
[Round "4.11"]
[White "Kulkarni Bhakti"]
[Black "Chandreyee, Hajra"]
[Result "1-0"]
[WhiteElo "2388"]
[BlackElo "2001"]
[Annotator "ChessBase"]
[PlyCount "45"]
[EventDate "2022.02.25"]
[EventCountry "IND"]
[SourceTitle "playchess.com"]
[Source "ChessBase"]
[SourceQuality "1"]
[TimeControl "5400+30"]

1. e4 {[%emt 0:00:17]} c6 {[%emt 0:00:26]} 2. Nf3 {[%emt 0:00:19]} d5 {[%emt 0:00:18]} 3. d3 {[%emt 0:00:18]} dxe4 {[%emt 0:03:36]} 4. dxe4 {[%emt 0:00:05]} Qxd1+ {[%emt 0:01:24]} 5. Kxd1 {[%emt 0:00:04]} Bg4 {[%emt 0:04:23]} 6. Be2 {[%emt 0:00:05]} Nd7 {[%emt 0:03:00]} 7. Ne1 {[%emt 0:03:11]} Bxe2+ {[%emt 0:03:30]} 8. Kxe2 {[%emt 0:00:03]} e5 {[%emt 0:03:27]} 9. Nd3 {[%emt 0:06:30]} Bd6 {[%emt 0:04:24]} 10. Be3 {[%emt 0:02:03]} Ne7 {[%emt 0:06:42]} 11. Nd2 {[%emt 0:01:17]} Bc7 {[%emt 0:01:42]} 12. a4 {[%emt 0:01:04]} a5 {[%emt 0:09:23]} 13. Rhd1 {[%emt 0:08:43]} Nc8 {[%emt 0:07:18]} 14. c4 {[%emt 0:19:55]} O-O {[%emt 0:11:00]} 15. c5 {[%emt 0:07:03]} g6 {[%emt 0:05:00]} 16. g4 {[%emt 0:06:21]} Ne7 {[%emt 0:08:45]} 17. Nc4 {[%emt 0:08:25]} f5 {[%emt 0:05:22]} 18. Nf4 {[%emt 0:05:28]} exf4 {[%emt 0:05:51]} 19. Rxd7 {[%emt 0:00:03]} Rac8 {[%emt 0:02:08]} 20. Bd2 {[%emt 0:06:30]} f3+ {[%emt 0:04:44]} 21. Kf1 {[%emt 0:01:12]} Bd8 {[%emt 0:05:20]} 22. Bg5 {[%emt 0:02:18]} fxe4 {[%emt 0:03:14]} 23. Bxe7 {[%emt 0:00:22]} 1-0

[Event "MPL 47th National Women Chess-ch 2022"]
[Site "Odisha"]
[Date "2022.02.26"]
[Round "4.12"]
[White "Nandhidhaa, P V"]
[Black "Ghosh Samriddhaa"]
[Result "1-0"]
[WhiteElo "2380"]
[BlackElo "1910"]
[Annotator "ChessBase"]
[PlyCount "89"]
[EventDate "2022.02.25"]
[EventCountry "IND"]
[SourceTitle "playchess.com"]
[Source "ChessBase"]
[SourceQuality "1"]
[TimeControl "5400+30"]

1. e4 {[%emt 0:00:03]} c6 {[%emt 0:00:13]} 2. d4 {[%emt 0:00:39]} d5 {[%emt 0:00:07]} 3. exd5 {[%emt 0:00:11]} cxd5 {[%emt 0:00:06]} 4. Bd3 {[%emt 0:00:38]} Nc6 {[%emt 0:00:25]} 5. c3 {[%emt 0:00:05]} Nf6 {[%emt 0:00:26]} 6. Bf4 {[%emt 0:00:37]} Bg4 {[%emt 0:00:48]} 7. Qb3 {[%emt 0:00:33]} Qc8 {[%emt 0:00:59]} 8. Nd2 {[%emt 0:00:56]} e6 {[%emt 0:01:08]} 9. Ngf3 {[%emt 0:01:05]} Be7 {[%emt 0:04:15]} 10. O-O {[%emt 0:00:27]} Bh5 {[%emt 0:01:05]} 11. Ne5 {[%emt 0:03:44]} Bg6 {[%emt 0:05:24]} 12. Nxg6 {[%emt 0:02:42]} hxg6 {[%emt 0:00:09]} 13. h3 {[%emt 0:04:05]} O-O {[%emt 0:01:53]} 14. Rfe1 {[%emt 0:01:48]} Rd8 {[%emt 0:10:26]} 15. Qd1 {[%emt 0:05:20]} a6 {[%emt 0:03:42]} 16. a4 {[%emt 0:00:39]} b6 {[%emt 0:04:01]} 17. Qe2 {[%emt 0:08:31]} Nh5 {[%emt 0:06:00]} 18. Bh2 {[%emt 0:00:40]} Bd6 {[%emt 0:00:57]} 19. Bxd6 {[%emt 0:02:34]} Rxd6 {[%emt 0:00:05]} 20. g3 {[%emt 0:01:48]} Rd8 {[%emt 0:23:33]} 21. Kg2 {[%emt 0:01:38]} Re8 {[%emt 0:00:44]} 22. Nf3 {[%emt 0:03:16]} Nf6 {[%emt 0:01:02]} 23. Ne5 {[%emt 0:02:59]} Nxe5 {[%emt 0:02:46]} 24. dxe5 {[%emt 0:02:22]} Nd7 {[%emt 0:00:14]} 25. h4 {[%emt 0:00:59]} Nc5 {[%emt 0:03:19]} 26. Bc2 {[%emt 0:00:09]} Qc6 {[%emt 0:07:19]} 27. Kh2 {[%emt 0:02:16]} Kf8 {[%emt 0:10:34]} 28. Qg4 {[%emt 0:05:14]} Ke7 {[%emt 0:01:26]} 29. Rad1 {[%emt 0:02:22]} Ra7 {[%emt 0:09:43]} 30. Qg5+ {[%emt 0:11:20]} Kd7 {[%emt 0:01:06]} 31. c4 {[%emt 0:09:54]} Kc8 {[%emt 0:00:30]} 32. b4 {[%emt 0:26:56]} Nxa4 {[%emt 0:01:00]} 33. cxd5 {[%emt 0:00:00]} exd5 {[%emt 0:00:10]} 34. Bxa4 {[%emt 0:00:00]} Qxa4 {[%emt 0:00:02]} 35. Qg4+ {[%emt 0:00:00]} Kb8 {[%emt 0:00:22]} 36. Rxd5 {[%emt 0:00:00]} Rc7 {[%emt 0:00:47]} 37. Qd4 {[%emt 0:00:00]} Kb7 {[%emt 0:00:26]} 38. Ra1 {[%emt 0:00:00]} Qc6 {[%emt 0:00:37]} 39. b5 {[%emt 0:00:00]} axb5 {[%emt 0:01:37]} 40. Rd6 {[%emt 0:00:00]} Qf3 {[%emt 0:00:26]} 41. Rxb6+ {[%emt 0:00:00]} Kc8 {[%emt 0:00:04]} 42. Rxb5 {[%emt 0:00:00]} Rd8 {[%emt 0:00:26]} 43. Rb8+ {[%emt 0:00:00]} Kxb8 {[%emt 0:00:08]} 44. Qxd8+ {[%emt 0:00:00]} Rc8 {[%emt 0:00:37]} 45. Rb1+ {[%emt 0:00:00]} 1-0

[Event "MPL 47th National Women Chess-ch 2022"]
[Site "Odisha"]
[Date "2022.02.26"]
[Round "4.13"]
[White "Lakshmi C"]
[Black "Rakshitta Ravi"]
[Result "1-0"]
[WhiteElo "1968"]
[BlackElo "2278"]
[Annotator "NA"]
[PlyCount "77"]
[EventDate "2022.02.25"]
[EventCountry "IND"]
[SourceTitle "playchess.com"]
[Source "ChessBase"]
[SourceQuality "1"]
[TimeControl "5400+30"]

1. e4 {[%emt 0:00:28]} e5 {[%emt 0:01:02]} 2. Nf3 {[%emt 0:00:08]} Nc6 {[%emt 0:00:06]} 3. Bb5 {[%emt 0:00:10]} a6 {[%emt 0:00:09]} 4. Ba4 {[%emt 0:00:05]} Nf6 {[%emt 0:00:04]} 5. O-O {[%emt 0:00:08]} b5 {[%emt 0:00:23]} 6. Bb3 {[%emt 0:00:10]} Bb7 {[%emt 0:00:10]} 7. Re1 {[%emt 0:01:03]} Be7 {[%emt 0:00:17]} 8. c3 {[%emt 0:00:53]} d5 {[%emt 0:00:59]} 9. exd5 {[%emt 0:01:16]} Nxd5 {[%emt 0:00:06]} 10. d4 {[%emt 0:07:21]} exd4 {[%emt 0:02:52]} 11. cxd4 {[%emt 0:02:14]} O-O {[%emt 0:01:22]} 12. Nc3 {[%emt 0:00:39]} Ncb4 {[%emt 0:15:16]} 13. a3 {[%emt 0:13:31]} Nxc3 {[%emt 0:00:19]} 14. bxc3 {[%emt 0:00:09]} Nd5 {[%emt 0:00:08]} 15. Qd3 {[%emt 0:00:36]} Re8 {[%emt 0:08:50]} 16. Bd2 {[%emt 0:11:42]} c5 {[%emt 0:07:51]} 17. Bc2 {[%emt 0:12:20]} g6 {[%emt 0:02:35]} 18. Ne5 {[%emt 0:01:32]} Qc8 {[%emt 0:13:36]} 19. f4 {[%emt 0:19:11]} Bh4 {[%emt 0:07:16]} 20. Rf1 {[%emt 0:04:33]} c4 {[%emt 0:15:02]} 21. Qf3 {[%emt 0:05:39]} f6 {[%emt 0:01:47]} 22. Be4 {[%emt 0:05:16]} Rd8 {[%emt 0:12:23]} 23. f5 {[%emt 0:01:28]} fxe5 {[%emt 0:02:25]} 24. fxg6 {[%emt 0:00:30]} Qd7 {[%emt 0:01:28]} 25. Qh5 {[%emt 0:01:47]} Nf6 {[%emt 0:00:11]} 26. Qxh4 {[%emt 0:02:19]} Bxe4 {[%emt 0:03:06]} 27. Qxf6 {[%emt 0:04:53]} Bxg6 {[%emt 0:00:28]} 28. Qxe5 {[%emt 0:00:35]} Re8 {[%emt 0:00:05]} 29. Qg3 {[%emt 0:00:26]} Re2 {[%emt 0:02:22]} 30. Bf4 {[%emt 0:00:24]} Rae8 {[%emt 0:01:08]} 31. h4 {[%emt 0:03:26]} Qf5 {[%emt 0:01:14]} 32. Rf3 {[%emt 0:00:29]} h5 {[%emt 0:00:44]} 33. Raf1 {[%emt 0:00:56]} Qg4 {[%emt 0:00:18]} 34. Be5 {[%emt 0:00:21]} Re4 {[%emt 0:00:54]} 35. Rf6 {[%emt 0:00:45]} Kh7 {[%emt 0:00:33]} 36. Qf2 {[%emt 0:00:20]} Re2 {[%emt 0:00:20]} 37. Rf7+ {[%emt 0:00:12]} Kg8 {[%emt 0:00:40]} 38. Rg7+ {[%emt 0:00:06]} Kh8 {[%emt 0:00:04]} 39. Qf8+ {[%emt 0:00:05]} 1-0

[Event "MPL 47th National Women Chess-ch 2022"]
[Site "Odisha"]
[Date "2022.02.26"]
[Round "4.14"]
[White "Singh, Neha"]
[Black "Savitha Shri B"]
[Result "0-1"]
[WhiteElo "1833"]
[BlackElo "2257"]
[Annotator "ChessBase"]
[PlyCount "105"]
[EventDate "2022.02.25"]
[EventCountry "IND"]
[SourceTitle "playchess.com"]
[Source "ChessBase"]
[SourceQuality "1"]
[TimeControl "5400+30"]

1. e4 {[%emt 0:00:03]} c5 {[%emt 0:01:53]} 2. Nf3 {[%emt 0:00:05]} e6 {[%emt 0:00:06]} 3. d4 {[%emt 0:00:14]} cxd4 {[%emt 0:00:07]} 4. Nxd4 {[%emt 0:00:02]} a6 {[%emt 0:00:09]} 5. Bd3 {[%emt 0:00:32]} Qc7 {[%emt 0:01:17]} 6. O-O {[%emt 0:01:49]} Nc6 {[%emt 0:00:28]} 7. Nb3 {[%emt 0:01:02]} b5 {[%emt 0:01:46]} 8. Nc3 {[%emt 0:00:11]} Bb7 {[%emt 0:01:14]} 9. f4 {[%emt 0:01:57]} Be7 {[%emt 0:14:00]} 10. Be3 {[%emt 0:01:41]} d6 {[%emt 0:02:53]} 11. Qf3 {[%emt 0:06:59]} Bf6 {[%emt 0:05:55]} 12. Qf2 {[%emt 0:03:22]} Rc8 {[%emt 0:03:55]} 13. Rad1 {[%emt 0:00:41]} Nge7 {[%emt 0:05:20]} 14. g4 {[%emt 0:16:16]} O-O {[%emt 0:01:27]} 15. e5 {[%emt 0:02:58]} Bxe5 {[%emt 0:18:57]} 16. fxe5 {[%emt 0:01:19]} Nxe5 {[%emt 0:00:15]} 17. Qg3 {[%emt 0:01:26]} b4 {[%emt 0:13:36]} 18. Ne4 {[%emt 0:03:42]} f5 {[%emt 0:00:52]} 19. Ng5 {[%emt 0:12:35]} Nxg4 {[%emt 0:05:05]} 20. Nd4 {[%emt 0:01:58]} Rf6 {[%emt 0:02:01]} 21. h3 {[%emt 0:12:38]} Nxe3 {[%emt 0:03:00]} 22. Qxe3 {[%emt 0:01:28]} Nd5 {[%emt 0:04:03]} 23. Qg3 {[%emt 0:05:04]} Qc5 {[%emt 0:01:20]} 24. Kh2 {[%emt 0:11:04]} Nc7 {[%emt 0:02:36]} 25. Qh4 {[%emt 0:05:35]} Rh6 {[%emt 0:04:14]} 26. Qg3 {[%emt 0:02:35]} Rf8 {[%emt 0:02:57]} 27. Ngf3 {[%emt 0:02:31]} Rg6 {[%emt 0:01:37]} 28. Qf2 {[%emt 0:00:10]} Nd5 {[%emt 0:00:25]} 29. Rg1 {[%emt 0:00:33]} Rff6 {[%emt 0:00:51]} 30. Rxg6 {[%emt 0:00:28]} Rxg6 {[%emt 0:00:15]} 31. Rg1 {[%emt 0:00:56]} Nf6 {[%emt 0:01:08]} 32. Rxg6 {[%emt 0:00:13]} hxg6 {[%emt 0:00:01]} 33. Qg1 {[%emt 0:00:56]} e5 {[%emt 0:00:25]} 34. Ne6 {[%emt 0:02:06]} Qc8 {[%emt 0:03:22]} 35. Nfg5 {[%emt 0:00:10]} e4 {[%emt 0:00:00]} 36. Qd4 {[%emt 0:01:25]} exd3 {[%emt 0:00:00]} 37. Qxd3 {[%emt 0:00:23]} Ne4 {[%emt 0:00:00]} 38. Nf4 {[%emt 0:00:18]} Nxg5 {[%emt 0:00:19]} 39. Nxg6 {[%emt 0:00:45]} Qe6 {[%emt 0:01:00]} 40. Qxf5 {[%emt 0:01:19]} Qxf5 {[%emt 0:00:50]} 41. Ne7+ {[%emt 0:00:01]} Kf7 {[%emt 0:00:08]} 42. Nxf5 {[%emt 0:00:05]} Ne4 {[%emt 0:00:03]} 43. h4 {[%emt 0:00:24]} Bd5 {[%emt 0:00:22]} 44. Ne3 {[%emt 0:01:06]} Be6 {[%emt 0:01:12]} 45. Kg2 {[%emt 0:00:06]} Kg6 {[%emt 0:00:41]} 46. Kf3 {[%emt 0:00:25]} Nd2+ {[%emt 0:00:20]} 47. Kf4 {[%emt 0:01:07]} Nc4 {[%emt 0:00:20]} 48. Nd1 {[%emt 0:00:09]} Kh5 {[%emt 0:00:10]} 49. Kg3 {[%emt 0:00:10]} a5 {[%emt 0:00:47]} 50. b3 {[%emt 0:00:24]} Na3 {[%emt 0:00:20]} 51. Ne3 {[%emt 0:01:56]} Nb1 {[%emt 0:00:26]} 52. Ng2 {[%emt 0:00:20]} Kh6 {[%emt 0:00:13]} 53. Nf4 {[%emt 0:01:18]} 0-1

[Event "MPL 47th National Women Chess-ch 2022"]
[Site "Odisha"]
[Date "2022.02.27"]
[Round "5.1"]
[White "Vaishali R"]
[Black "Arpita, Mukherjee"]
[Result "1/2-1/2"]
[WhiteElo "2403"]
[BlackElo "2260"]
[Annotator "TA"]
[PlyCount "107"]
[EventDate "2022.02.25"]
[EventCountry "IND"]
[SourceTitle "playchess.com"]
[Source "ChessBase"]
[SourceQuality "1"]

{[%evp 10,107,27,25,28,24,37,29,31,8,23,24,9,10,24,0,0,0,18,0,16,0,0,0,0,0,0,0,13,0,0,0,0,0,0,-60,0,0,0,0,0,0,0,0,0,-233,-231,-246,-26,-26,-26,-31,-44,-43,-6,-15,0,0,0,0,0,0,8,0,0,0,0,0,0,3,150,131,79,0,0,0,0,0,0,0,0,0,8,0,0,0,0,0,0,0,0,0,0,0,0,0,0,0,0,0]} 1. e4 c5 2. Nc3 Nc6 3. Nf3 e5 4. Bc4 Be7 5. d3 d6 6. O-O {[%cal Of3g5]} h6 {Prevents Ng5. B30: Sicilian: 2...Nc6 3 Bb5, lines without ...g6.} 7. Nd5 Nf6 8. c3 O-O {White has an edge.} 9. a4 Nxd5 10. Bxd5 Be6 {[#]} 11. Re1 $146 ({Predecessor:} 11. Be3 Qd7 12. Nd2 b6 13. h3 Rad8 14. Re1 f5 15. Qb3 Bxd5 16. Qxd5+ Kh7 17. exf5 Rxf5 {1-0 (59) Kazimierski,T (2172)-Usmanoff,R (2330) LSS email 2016}) 11... Bf6 12. Qb3 Qd7 13. Be3 Rac8 14. Nd2 Ne7 15. Qxb7 Qxb7 16. Bxb7 Rb8 17. Ba6 Rxb2 18. Nc4 Bxc4 19. dxc4 Nc6 {[%cal Be7c6,Bc6a5,Ba5b3][%mdl 32]} 20. a5 {Inhibits Rb6.} Bd8 21. Bb5 {This bishop pair is nice.} Nxa5 22. Ra4 (22. h4 $11) 22... Bb6 (22... Nb3 $15) 23. h4 $11 Rd8 24. h5 Kf8 25. Kh2 Ke7 26. Rea1 Nb3 27. Rxa7+ (27. Rd1 $1 $11 {and White stays safe.}) 27... Bxa7 $19 28. Rxa7+ {[#]} Kf8 $2 ({Black should try} 28... Kf6 $1 $19 {aiming for ...Nd2.} 29. Bc6 Nd2) 29. Bc6 $11 Nd2 30. Bxd2 Rxd2 {[%mdl 4096] Endgame KRR-KRB} 31. Kg3 Rb8 (31... g6 {looks sharper.} 32. Bd5 gxh5 33. Rxf7+ Ke8 34. Rh7 h4+) 32. Bd5 Rxd5 33. cxd5 {KR-KR} Rb3 34. Rd7 Rb6 35. f4 {Black must now prevent Rc7.} Ke8 36. Rc7 {[#] Strongly threatening fxe5.} exf4+ 37. Kxf4 {Threatens to win with e5.} Rb2 38. e5 Rf2+ 39. Ke3 Rf5 (39... Rxg2 $11 40. exd6 Rg3+ 41. Ke4 Rxc3) 40. exd6 $16 {And now c4 would win.} Rxd5 41. g4 {White is more active.} (41. Re7+ $16 Kf8 42. Rd7) 41... Rxd6 $11 {The position is equal.} 42. Rxc5 Ke7 43. Ke4 Rd1 44. Ke5 Re1+ 45. Kd5 Rg1 46. Rc4 g6 47. Re4+ Kd7 48. hxg6 fxg6 49. c4 h5 50. gxh5 gxh5 51. c5 Rg5+ 52. Re5 Rxe5+ 53. Kxe5 Kc6 54. Ke4 {Weighted Error Value: White=0.18 (very precise) /Black=0.19 (very precise)} 1/2-1/2